000 00283nam a22001217a 4500
082 _a823
_bCHA/A
100 _aCHANDRAKANTH, KAMALA
245 _aABHIMANYU
260 _aMUMBAI
_bINDI ABOOK HOUSE
520 _aENGLISH SHORT STORY
650 _aENGLISH SHORT STORY
_zMUMBAI
942 _cBK
999 _c5298
_d5298